00538nam a2200181Ia 4500003000900000008004100009020001700050040001600067080001500083245009400098260003500192300001400227650002600241650002100267650002100288700002400309700002300333IN-BaIIA211028s9999 xx 000 0 eng d a0-7204-02441 cIIA Library a539.1bTHE 4aThe Physics of electronic and atomic collisionscedited by T. R. Govers and F. J. De Heer aAmsterdambNorth-Hollandc1972 axi, 496p. a Atomic collisions  a Atomic physics aNASA Thesaurus  aDe Heer, F. J., ed. aGovers, T. R., ed.